200 Most Popular Baby Girl Names Starting with J (2021) - Statistics

General Stats
  • This quiz has been taken 12,060 times
    7,554 since last reset
  • The average score is 85 of 200
Answer Stats
Answer % Correct
Jennie
92%
Jenny
92%
Jane
91%
Jayne
91%
Jesse
91%
Jessi
91%
Jessie
91%
Julia
89%
Julie
89%
Jennifer
88%
Jessica
88%
Jade
83%
Jaide
83%
Jayde
83%
Joan
83%
Janie
77%
Janney
77%
Jackeline
76%
Jacklyn
76%
Jaclyn
76%
Jacqueline
76%
Jacquelyn
76%
Jaqueline
76%
Jasmin
76%
Jasmine
76%
Jazmin
76%
Jazmine
76%
Jazmyn
76%
June
76%
Jackie
75%
Joana
73%
Joanna
73%
Johana
73%
Johanna
73%
Josephine
73%
Jenna
72%
Jennah
72%
Joann
72%
Joanne
72%
Julianne
72%
Josey
71%
Josie
71%
Jozie
71%
Jaime
70%
Jamie
70%
Janet
69%
Janeth
68%
Jean
68%
Joi
68%
Jordan
68%
Jordyn
68%
Jordynn
68%
Joy
68%
Juliet
67%
Julieth
67%
Juliette
67%
Jillian
66%
Juliana
65%
Julianna
65%
Jaina
63%
Jana
63%
Janna
63%
Jannah
63%
Jayna
63%
Jada
62%
Jaida
62%
Jayda
62%
Jocelyn
60%
Jocelynn
60%
Joselyn
60%
Joslyn
60%
Joslynn
60%
Josselyn
60%
Judy
59%
Junie
59%
Janice
58%
Judith
57%
Jemma
53%
Jodi
53%
Jolene
52%
Jayden
51%
Joyce
51%
Jacey
47%
Jaci
47%
Jacie
47%
Jaycee
47%
Jaycie
47%
Jolee
47%
Jolie
47%
Juniper
47%
Joni
45%
Jayla
42%
Jaylah
42%
Jessa
42%
Josefina
42%
Josephina
42%
Julieta
40%
Julietta
40%
James
37%
Janelle
37%
Jeanette
36%
Jaelyn
35%
Jaelynn
35%
Jailyn
35%
Jailyne
35%
Jaylen
35%
Jaylin
35%
Jaylyn
35%
Jaylynn
35%
Jehilyn
35%
Jewel
35%
Justice
34%
Justyce
34%
Jia
33%
Jiya
33%
Jiana
31%
Jianna
31%
Journee
31%
Journei
31%
Journey
31%
Journi
31%
Journie
31%
Journii
31%
Jude
31%
Jules
31%
Jurnee
31%
Joelle
28%
Juanita
28%
Jaylee
26%
Jayleigh
26%
Juno
26%
Jasper
25%
Jaya
25%
Joey
25%
Joie
25%
Jupiter
25%
Juana
24%
Jaslyn
22%
Jaslynn
22%
Jazlyn
22%
Jazlynn
22%
Jazzlyn
22%
Jovi
21%
Jovie
21%
Joella
20%
Jamila
19%
Jamilah
19%
Julissa
19%
Janaya
18%
Jania
18%
Janiah
18%
Janiya
18%
Janiyah
18%
Jameson
17%
Jubilee
17%
Jimena
16%
Jaleah
15%
Jaliyah
15%
Jayleen
15%
Jaylene
15%
Jael
14%
Janae
14%
Janai
14%
Jhene
14%
Jamia
13%
Jamiah
13%
Jamiyah
13%
Jenesis
12%
Jersey
12%
Jariah
11%
Jariyah
11%
Jenevieve
11%
Janessa
10%
Jensen
10%
Junia
10%
Jazelle
9%
Jiselle
9%
Jesslyn
8%
Jesiah
7%
Josette
7%
Jailani
6%
Jalani
6%
Jaylani
6%
Jelani
6%
Jalaya
5%
Jalayah
5%
Jaiyana
4%
Jentry
4%
Jream
4%
Jannat
3%
Jakayla
2%
Janelly
2%
Janely
2%
Jermani
2%
Jadore
1%
Jahzara
1%
Janyla
1%
Janylah
1%
Jinora
1%
Jireh
1%
No matching quizzes found
Score Distribution
Percent of People with Each Score
Percentile by Number Answered
Your Score History
You have not taken this quiz since the last reset